Špecifiká riadenia rodinného podniku

Analýza problémov riadenia rodinných podnikov. Výskyt konfliktov vo vnútri rodinnej firmy.

Gespeichert in:
Bibliographische Detailangaben
1. Verfasser: Krošláková, Monika, 1975-
Format: Buchkapitel
Sprache:Slowakisch
Schlagworte:
Tags: Tag hinzufügen
Keine Tags, Fügen Sie das erste Tag hinzu!

MARC

LEADER 00000naa$a2200000$$$4500
001 0132431
005 20240502072510.3
041 0 |a slo 
044 |a SK 
245 1 0 |a Špecifiká riadenia rodinného podniku  |c Monika Krošláková 
520 |a Analýza problémov riadenia rodinných podnikov. Výskyt konfliktov vo vnútri rodinnej firmy. 
610 2 0 |a riadenie podnikové 
610 2 0 |a podnik rodinný 
610 2 0 |a podnikanie rodinné 
610 2 0 |a konflikty 
100 1 |a Krošláková, Monika, 1975-